La Bulgarie pour les touristes... - Facile - Statistiques

Statistiques générales
  • Ce quiz a été pris 38 fois
  • Le résultat moyen est 15 sur 20
Statistiques - réponses
Question Indice Réponses Indice facile % Correct
Quelle est la langue officielle ? Bulgare
100%
La conduite se fait à droite ou à gauche ? Droite
94%
Dans la capitale y-a-t-il un décalage horaire avec Paris ? (oui/non) Oui
94%
Quelles autres langues parle-t-on ? R Roumain
88%
Quelles sont les principales villes touristiques ? S Sofia
88%
Quelles autres langues parle-t-on ? T Turc
88%
Quelle est la monnaie ? Lev
82%
Quelles sont les principales villes touristiques ? V Varna RANAV
82%
A acheter : 1/ Produit lacté Yaourt TROUYA
82%
2/ Boisson alcoolisée Vin NIV
79%
Quelles sont les principales villes touristiques ? B Bourgas GOURABS
76%
Quelles sont les principales villes touristiques ? P Plovdiv PVVDIOL
76%
La vitesse sur autoroute est limitée à {140} km/h
70%
Le suffixe internet est bg
70%
3/ Oeuvre d'art religieuse Icône NECOI
67%
Le taux d'alcoolémie toléré au volant est de {0.5} g/l
61%
La religion majoritaire est O Orthodoxie
52%
Quelles sont les principales villes touristiques ? B Bansko SKONAB
45%
On peut y visiter les parcs nationaux de R Rila
39%
On peut y visiter les parcs nationaux de P Pirin
36%
Aucun quiz correspondant
Distribution des résultats
% des personnes avec chaque résultat
Percentile par nombre de réponses
Votre historique - résultats
Vous n’avez pas pris ce quiz